How to write a marketing plan / (رقم التسجيلة. 34905)

تفاصيل مارك
000 -الفاتح
حقل البيانات ثابتة الطول 00746cam a2200241 i 4500
001 - رقم الضبط
رقم الضبط 17557461
003 - محدد رقم الضبط
رقم الضبط OSt
005 - وقت وتاريخ اخر تعامل مع التسجيلة
رقم الضبط 20150408114216.0
008 - عناصر البيانات ثابتة الطول - معلومات عامة
حقل البيانات ثابتة الطول 121210s2013 paua g 000 0 eng
020 ## - الرقم الدولى المعيارى للكتب
الرقم الدولى المعيارى للكتاب 9780749467128
020 ## - الرقم الدولى المعيارى للكتب
الرقم الدولى المعيارى للكتاب الملغى /الخاطئ 9780749467135 (ebk.)
040 ## - مصدر الفهرسة
وكالة الفهرسة الأصلية Ma-Un
082 00 - رقم تصنيف ديوى العشرى
رقم الطبعة 22
رقم التصنيف 658.802
رقم المادة WJH
100 1# - المدخل الرئيسى - إسم شخصى
الإسم الشخصى Westwood, John,
التواريخ المصاحبة للاسم 1947-
9 (RLIN) 44717
245 10 - بيان العنوان
العنوان How to write a marketing plan /
بيان المسئوليه,etc John Westwood.
250 ## - بيان الطبعة
بيان الطبعة 4th ed.
260 ## - PUBLICATION, DISTRIBUTION, ETC. (IMPRINT)
مكان الناشر او الموزع Philadelphia, PA :
اسم الناشر او الموزع Kogan Page Limited,
تاريخ النشر أو التوزيع 2013.
300 ## - الوصف المادى
التعداد x, 172 p. :
تفاصيل ماديه اخرى للوعاء ill. ;
أبعاد الوعاء 23 cm.
490 0# - بيان السلسلة
عنوان السلسلة Creating success series
650 #0 - المدخل الاضافى بالموضوع-مصطلح موضوعى
مصطلح موضوعي أو اسم جغرافي كعنصر مدخل Marketing
التقسيم الفرعي العام Management
942 ## -
-- ddc
-- BOOK
999 ## -
-- 34905
-- 269405
المقتنيات
حالة الفقد نموذج السعر الفعال حالة تلف ليس للاعارة رقم الطلب رقم النسخة تاريخ الاكتساب مصدر التزويد Serial Enumeration / chronology الباركود الفرع الرئيسي Date last seen نوع المادة فى نظام كوها مصدر التصنيف او خطة الترفيف Total Checkouts
  2014-05-11   Not For Loan 658.802 WJH 1 2014-05-11 دار العرب CL 00210460 المكتبة المركزية بالمجمعة (CL) 2014-05-11 كتاب Dewey Decimal Classification  
  2014-05-11     658.802 WJH 2 2014-05-11 دار العرب CL 00210459 المكتبة المركزية بالمجمعة (CL) 2014-05-11 كتاب Dewey Decimal Classification  
  2014-05-11     658.802 WJH 3 2014-05-11 دار العرب CL 00210461 المكتبة المركزية بالمجمعة (CL) 2014-05-11 كتاب Dewey Decimal Classification